00327nam a2200121Ia 45000030006000000080041000060400015000471000023000622450049000852600042001345460012001760050017001880STCL150530s9999 xx 000 0 und d aSTCLcSTCL aHotchandani,S.; Ed aIndian Journal of Chemistry Section(B) March bIndian National Science Academyc2005 aEnglish20220125165842.0